| 000 | 01332nam a2200313 c 4500 | ||
|---|---|---|---|
| 999 |
_c109394 _d109394 |
||
| 003 | BLK | ||
| 005 | 20220525103213.0 | ||
| 008 | 180409b bul|||||r ||||||| ||bul|| | ||
| 010 | _aKNG00114710000 | ||
| 040 | _aBLK | ||
| 041 |
_aBUL _cBUL |
||
| 080 |
_aУсилватели - Лампови,полупроводникови,магнитни и др. Подразделят се чрез знак за отношение(Табл.1b). Вж и 681.583 _b621.375 _x(02) _z621.375(02) |
||
| 100 | 1 |
_aВойшвило, Георгий Валерианович _eпърви автор _949121 |
|
| 139 |
_aВойшвило, Георгий Валерианович _bВ 80 |
||
| 245 | 1 | 0 |
_aСъвременна техника за усилване на сигнали _b[Ръководство] _cГеоргий В. Войшвило; прев. от рус. Рафаел М. Рафаел. |
| 257 | _aRUS | ||
| 260 |
_bТехника _c1980 _aСофия |
||
| 300 |
_a124 с. _bсъс сх., диагр. _c20 см |
||
| 380 | _a62 | ||
| 490 |
_9203546 _aБиблиотека по радиоелектроника |
||
| 500 | _aОриг. загл. Современная техника усиления сигналов. - 4 890 тир. | ||
| 653 | _aусилватели | ||
| 653 | _aръководства | ||
| 700 | 1 |
_aРафаел, Рафаел М. _eпрев. от рус. _9289381 |
|
| 852 |
_aЦб 103728 _bЦб |
||
| 856 | 4 | _qpdf | |
| 856 | 4 | _qpdf | |
| 942 |
_cKNG _n0 _s1 |
||
| 944 |
_aCR _c15.09.2016 _kСтанимира_Цанева |
||
| 944 |
_aED _c15.09.2016 _kСтанимира_Цанева |
||
| 944 |
_aED _c2022-05-25 _kВП |
||
| 999 | _d109394 | ||
| 999 | _d109394 | ||